| 000 | 02561cam a22004214i 4500 | ||
|---|---|---|---|
| 003 | PE-LiUPU | ||
| 005 | 20250731183430.0 | ||
| 008 | 150706s2008 mx a rb 000 0 spa d | ||
| 020 | _a9789707019720 | ||
| 035 | _a(Sirsi) i9789707019720 | ||
| 040 |
_aPE-LiUPU _bspa _cPE-LiUPU _erda |
||
| 049 | _aPRUA | ||
| 082 | 0 | 4 |
_a796.3340972 _bR74 _221 |
| 245 | 0 | 1 |
_a¿Por qué amamos el futbol? : _bun enfoque de política pública / _cRoemer, Andrés y Enrique Ghersi. |
| 264 | 1 |
_a México : _b Miguel Ángel Porrúa, _c2008. |
|
| 300 |
_a276 páginas : _bilustraciones ; _c23 centimetros |
||
| 336 |
_atext _2rdacontent |
||
| 337 |
_aunmediated _2rdamedia |
||
| 338 |
_avolume _2rdacarrier |
||
| 504 | _aIncluye notas bibliográficas. | ||
| 505 | 0 | _aUn enfoque de derecho y economía para comprender por qué amamos el futbol -- Futbol: reglas claras para el desarrollo -- ¿Por qué amamos el futbol? -- La violencia de los hinchas como consecuencia de la indefinición de los derechos de propiedad en el futbol -- Futbol como agente de desarrollo -- Explotación exclusiva de espectáculos y obras -- Negativa a licenciar. ¿Son legítimas? -- La alternativa de las licencias forzosas -- La conversión de los clubes de futbol en sociedades anónimas -- Futbol: mejorar incentivos para mejorar la competitividad -- Futbol y economía -- Estructura de mercado, incentivos y el desempeño de la selección mexicana de futbol en los campeonatos mundiales -- Futbol y competencia en los medios de comunicación -- Reglas e incentivos en el futbol. La regla 3-1-0 en la liga española: Un análisis estadístico -- Mejorando la competitividad del futbol mexicano -- Argentina, futbol: éxitos y fracasos. | |
| 526 | _aP158 | ||
| 526 | _aP146 | ||
| 526 | _aP17 | ||
| 526 | _aP12 | ||
| 526 | _aP06 | ||
| 541 | _g002-030807; | ||
| 650 | 0 | 4 |
_aFutbol (Soccer) _x Aspectos sociales _z México. |
| 650 | 0 | 4 |
_aFutbol (Soccer) _x Aspectos políticos _z México. |
| 700 | 1 |
_aRoemer, Andrés, _ecomp |
|
| 700 | 1 |
_aGhersi, Enrique, _ecomp. |
|
| 910 | _agl20111209 | ||
| 942 |
_2ddc _cBOOK |
||
| 949 |
_a796.3340972 R74 _wDEWEY _c1 _i64163 _lCCODEBUL1 _mBUL _p19.00 _r0 _sY _tBOOK _u2015-7-6 _xFCE _PP04 _o.STAFF. Colección General |
||
| 994 |
_aC0 _bPEPRU |
||
| 596 | _a1 | ||
| 999 |
_a796.3340972 R74 _wDEWEY _c52992 _i64163 _d52992 _e2018-3-28 _f2021-11-5 _g6 _lCCODEBUL1 _mBUL _n1 _p19.00 _r0 _sY _tBOOK _u2015-7-6 _xBIBLIOTECA _PP04 _0COMPRA _o.STAFF. Colección General |
||
| 980 |
_81 _gALBERTO SANCHEZ Responsable de Automatización |
||